| 000 | 00907nam a2200241 a 4500 | ||
|---|---|---|---|
| 001 | 86367 | ||
| 003 | BD-RjUL | ||
| 005 | 20260416102129.0 | ||
| 008 | 260416s2025 bg a|||| m||| 00| 0 eng d | ||
| 035 | _a(BD-RjUL)86367 | ||
| 040 |
_aBD-RjUL _beng _cBD-RjUL _dBD-RjUL |
||
| 041 | _aeng | ||
| 082 |
_223 _a373.095492 _bNAG 2025 |
||
| 100 |
_aNahar, Sharmin _918137 |
||
| 245 | 1 | 0 |
_aGender Digital Divide Among Secondary School Teachers in Bangladesh / _cResearcher, Sharmin Nahar ; _6Supervisor : Jakir Hossain |
| 260 |
_aRajshahi : _bInstitute of Bangladesh Studies, University of Rajshahi, _c2025 |
||
| 300 |
_axiv, 394 Leaves : _bill, ; _c30 cm. |
||
| 502 | _aThesis (Ph. D.) -- Institute of Bangladesh Studies, University of Rajshahi, 2025 | ||
| 504 | _aBibliography : Leaves 163-179 | ||
| 650 |
_aSecondary School _zBangladesh _918138 |
||
| 700 |
_aJakir, Hossain, Supervisor _918139 |
||
| 942 |
_2ddc _cTHE |
||
| 999 |
_c86367 _d86367 |
||